01420nab a2200457 4500003000900000005001700009008004100026040001800067072002000085100002100105245005400126500002300180520002100203520001000224520003900234520003300273520003700306520001700343520001700360520002300377520002300400520002400423520002400447520002800471650002100499650001800520650002600538650001700564650002200581650001700603650001100620650001000631650001900641650001800660650002200678650001300700650002400713773019800737942000800935999001900943BR-BrBNA20241113113503.0241113b bl.||||| |||| 00| 0 por d aBR-BrBNAbpor aE10 ; E16 ; E20 aTruppel, Richard aConversando sobre economia com hortifruticultores a7 illus.; 2 graphs aTAXA DE CÂMBIO aJUROS aGERENCIAMENTO DA PROPRIEDADE RURAL aAUMENTO DA ÁREA DE CULTIVO aREDUÇÃO DA ÁREA DE CULTIVO aMAIOR OFERTA aMENOR OFERTA aMAIOR PRODUÇÃO aMENOR PRODUÇÃO aMAIOR PRODUTIVIDADE aMENOR PRODUTIVIDADE aRENTABILIDADE ESTÁVEL aSETOR AGRÍCOLA aMACROECONOMIA aPRODUTO INTERNO BRUTO aINFLAÇÃO aCRISE ECONÔMICA aPRODUÇÃO aOFERTA aCUSTO aEXPORTAÇÃO aRENTABILIDADE aPROPRIEDADE RURAL aGESTÃO aTOMADA DE DECISÃO0 041159345458dPiracicaba-SP Centro de Estudos Avançados em Economia Aplicada-CEPEA/USP/ESALQ 2002o2024-5990tHortifruti Brasil (Brazil)x1981-1837gv. 8(88) p. 8-17; (Mar 2010)wBR2024003370 cANA c328607d328607